Inge-Rose Lippok : dvě cesty - dvě místa = zwei Wege - zwei Standorte : Interaktivní galerie Becherova vila [4.9.-5.10.2014 /

Hlavní autor: Lippok, Inge-Rose, 1947-
Korporativní autor: Interaktivní galerie Becherova vila (Karlovy Vary, Česko)
Další autoři: Samec, Jan, 1955-
Jazyk: Němčina
Čeština
Vydáno: Karlovy Vary : Galerie umění Karlovy Vary, 2014
Témata:
Fyzický popis: [8] s. : barev. il. ; 21 cm
Language note: Souběžný německý text
Knihy
Uloženo v:
LEADER 01847nam a2200493 a 4500
001 nkc20142651144
003 CZ PrNK
005 20150408145101.0
007 ta
008 150121s2014 xr a e c 000 0dcze
020 |a 978-80-87420-38-6  |q (skládanka) 
040 |a ABA001  |b cze 
041 1 |a cze  |a ger  |h cze 
043 |a e-gx--- 
045 |a y1y1 
072 7 |a 72/76  |x Výtvarné umění  |2 Konspekt  |9 21 
080 |a 72/76(430)  |2 MRF 
080 |a 7.036/.038  |2 MRF 
080 |a (430)  |2 MRF 
080 |a (083.824)  |2 MRF 
100 1 |a Lippok, Inge-Rose,  |d 1947-  |7 jo2015855902  |4 art 
245 1 0 |a Inge-Rose Lippok :  |b dvě cesty - dvě místa = zwei Wege - zwei Standorte : Interaktivní galerie Becherova vila [4.9.-5.10.2014 /  |c texty Jan Samec] 
246 3 0 |a Dvě cesty - dvě místa 
246 3 0 |a Zwei Wege - zwei Standorte 
260 |a Karlovy Vary :  |b Galerie umění Karlovy Vary,  |c 2014 
300 |a [8] s. :  |b barev. il. ;  |c 21 cm 
500 |a Životopisná data a přehled výstav 
500 |a 400 výt.4 
546 |a Souběžný německý text 
600 1 7 |a Lippok, Inge-Rose,  |d 1947-  |7 jo2015855902  |2 czenas 
648 7 |a 21. století  |7 ch460559  |2 czenas 
650 0 7 |a německé výtvarné umění  |7 ph123525  |y 21. stol.  |2 czenas 
650 0 7 |a moderní umění  |7 ph115340  |z Německo  |2 czenas 
650 0 9 |a German art  |y 21st century  |2 eczenas 
650 0 9 |a modern art  |z Germany  |2 eczenas 
655 7 |a katalogy výstav  |7 fd132536  |2 czenas 
655 9 |a exhibition catalogs  |2 eczenas 
700 1 |a Samec, Jan,  |d 1955-  |7 jn20000710491  |4 wfw 
710 2 |a Interaktivní galerie Becherova vila (Karlovy Vary, Česko)  |7 kv2011642934 
910 2 |a BOA001  |b 2-1340.532 
990 |a BK 
995 |a 11 
991 |b 201503  |c NOV  |e n 
996 6 |b 2610623606  |c 2-1340.532  |l MZK  |r Sklad / do 1 hodiny  |n 0  |p p.v.  |w 001492007  |u 000010  |a 1  |e BOA001  |j MZK50  |s P